| Tag |
First Indicator |
Second Indicator |
Subfields |
| LEADER |
00000cam a2200000 4500 |
| 001 |
in00003835546 |
| 005 |
20190415190637.0 |
| 006 |
m o d |
| 007 |
cr |n||||||||n |
| 008 |
790322s1777 enk|||| o 00||||eng c |
| 035 |
|
|
|a (CU-RivES)T21312
|
| 035 |
|
|
|a (Uk-ES)006221836
|
| 035 |
|
|
|a (OCoLC)645788358
|
| 040 |
|
|
|a Uk-ES
|c Uk-ES
|d CStRLIN
|d Cengage Gale
|d UtOrBLW
|
| 100 |
1 |
|
|a Voltaire,
|d 1694-1778.
|
| 240 |
1 |
0 |
|a Alzire.
|l English
|
| 245 |
1 |
0 |
|a Alzira. A tragedy. As written by Aaron Hill. ... as performed at the Theatre-Royal in Covent-Garden. Regulated from the prompt-book, ... by Mr. Wild, prompter.
|
| 264 |
|
1 |
|a London :
|b printed for John Bell,
|c 1777.
|
| 300 |
|
|
|a 1 online resource (56, 4 unnumbered pagesplate)
|
| 336 |
|
|
|a text
|b txt
|2 rdacontent
|
| 337 |
|
|
|a computer
|b c
|2 rdamedia
|
| 338 |
|
|
|a online resource
|b cr
|2 rdacarrier
|
| 500 |
|
|
|a A translation by Hill of Voltaire's 'Alzire'.
|
| 500 |
|
|
|a At head of title-page: "Bell's edition.' - With two final advertisement leaves."
|
| 500 |
|
|
|a Also issued as part of: 'Bell's British Theatre', 1776-78, volume10.
|
| 510 |
4 |
|
|a English Short Title Catalog,
|c T21312.
|
| 500 |
|
|
|a Reproduction of original from University of Texas.
|
| 500 |
|
|
|a Electronic resource.
|
| 648 |
|
7 |
|a 1701-1800
|2 local
|
| 655 |
|
7 |
|a Electronic books.
|2 local
|
| 710 |
2 |
|
|a Gale (Firm)
|0 http://id.loc.gov/authorities/names/no2008071348
|
| 752 |
|
|
|a Great Britain
|b England
|d London.
|
| 856 |
4 |
0 |
|u http://proxy.library.tamu.edu/login?url=http://find.galegroup.com/ecco/infomark.do?contentSet=ECCOArticles&docType=ECCOArticles&bookId=1780400700&type=getFullCitation&tabID=T001&prodId=ECCO&docLevel=TEXT_GRAPHICS&version=1.0&source=library&userGroupName=txshracd2898
|z Connect to the full text of this electronic book
|t 0
|
| 999 |
f |
f |
|s cec7b77f-f983-3f5b-a618-957268127a16
|i 1141a081-425b-3163-90cb-6225070bbd00
|t 0
|
| 952 |
f |
f |
|a Texas A&M University
|b College Station
|c Electronic Resources
|d Available Online
|t 0
|h No information provided
|
| 998 |
f |
f |
|t 0
|l Available Online
|